Monarchie w Azji - Statystyki

Ogólne statystyki
  • Ten quiz został rozwiązany 10 805 razy
  • Średni wynik to 9 z 13
Statystyki odpowiedzi
Państwo % Poprawnych
Arabia Saudyjska
85%
Japonia
81%
Katar
79%
Oman
79%
Zjednoczone Emiraty Arabskie
77%
Bahrajn
70%
Kuwejt
70%
Tajlandia
69%
Bhutan
64%
Brunei
61%
Jordania
60%
Malezja
59%
Kambodża
54%
Nie znaleziono quizów pasujących do podanych kryteriów
Rozkład punktacji
Procent ludzi z każdym wynikiem
Percentyl według liczby udzielonych odpowiedzi
Twoja historia wyników
Nie rozwiązałeś tego quizu